| 000 | 00526nam a2200193Ia 4500 | ||
|---|---|---|---|
| 003 | OSt | ||
| 005 | 20200825123919.0 | ||
| 008 | 190216s9999||||xx |||||||||||||| ||und|| | ||
| 020 | _a9788130923079 | ||
| 040 | _coclc | ||
| 082 |
_a539 _bKAK/M |
||
| 100 |
_aKakani, S L _94332 |
||
| 245 | 0 |
_aModern Physics / _cS L Kakani ; Shubhra Kakani |
|
| 250 | _a2nd Ed. | ||
| 260 |
_bViva Books, _c2013. _aNew Delhi: |
||
| 300 | _a1512p | ||
| 650 | _aModern Physics | ||
| 942 |
_cBK _2ddc _h539 _iKAK/M _k539 _mKAK/M |
||
| 999 |
_c34513 _d34513 |
||